| 000 | 00670nam a2200253 a 4500 | ||
|---|---|---|---|
| 999 |
_c4742 _d4742 |
||
| 001 | 4742 | ||
| 003 | BD-JhCC | ||
| 005 | 20171203084213.0 | ||
| 008 | 171130s1962 u a|||| || | 001 0 eng d | ||
| 035 | _a(BD-JhCC)4742 | ||
| 040 |
_aBD-JhCC _dBD-JhCC |
||
| 041 | _aeng | ||
| 082 |
_a523.8 _bSTA 1962 |
||
| 245 |
_aStars and Galaxies : _bBirth, Ageing, and Death in the Universe / _cThornton Page (Editor) |
||
| 260 |
_aU. S. A. _bPrentice-Hall, Inc, _c1962. |
||
| 300 |
_a163 p. : _bill. ; _c22 cm. |
||
| 504 | _aIncludes Index | ||
| 650 | _aGalaxies | ||
| 650 | _aStars | ||
| 650 | _aA Stronomy | ||
| 700 | _aPage, Thornton | ||
| 942 |
_2ddc _cBK |
||